000 01297nam a22003737a 4500
001 0009430
003 KOHA_MİRAKIL
005 20260207001708.0
007 ta
008 091020b1988 tu |||gr||||#||||0|tur |
020 _a9754040389
_c0,01
040 _aTR-BiSEU
_btur
_cTR-BiSEU
_erda
041 0 _atur
044 _ctu
050 _aHF5667
_b.P45 1988
100 1 _aPekiner, Kamuran.
245 1 _aİşletme denetimi :
_b(işletme analizleri)/
_cKamuran Pekiner ; Kamuran Pekiner.
264 1 _aİstanbul :
_bİstanbul Üniversitesi İşletme Fakültesi Muhasebe Enstitüsü
_c1988
300 _aXXIV, 568 sayfa: resimli
336 _ametin
_btxt
_2rdacontent
337 _aaracısız
_bn
_2rdamedia
338 _acilt
_bnc
_2rdacarrier
490 1 _aİstanbul Üniversitesi İşletme Fakültesi Muhasebe Enstitüsü yayın ;
_vno.
490 1 _a55.
490 1 _aMuhasebe Enstitüsü Eğitim ve Araştırma Vakfı yayın ;
_vno.
490 1 _a7
500 _aKaynakça var.
650 0 _aMuhasebe denetimi.
_95662
830 1 _aİstanbul Üniversitesi İşletme Fakültesi Muhasebe Enstitüsü yayın ;
_vno.
_923361
830 1 _a55.
_916913
830 1 _aMuhasebe Enstitüsü Eğitim ve Araştırma Vakfı yayın ;
_vno.
_923362
830 1 _a7
_97119
942 _2lcc
_cBK
999 _c9402
_d9402